| 000 | 00570nam a2200217Ia 4500 | ||
|---|---|---|---|
| 005 | 20251121202650.0 | ||
| 008 | 230125s9999 xx 000 0 und d | ||
| 020 | _a978-81-8495-828-7 | ||
| 041 | _aeng | ||
| 082 |
_a158.1 _bWOO |
||
| 100 |
_aWoodard M G _9215382 |
||
| 245 | _aSeven Rules For Joyful Living | ||
| 260 |
_c2016 _bJaico Publishing House _aMumbai |
||
| 300 |
_a126p _cPaper Back |
||
| 440 | _v1 | ||
| 500 | _aPersonality Development | ||
| 650 |
_aPersonality Development _9213420 |
||
| 700 |
_aWoodard M G _9215382 |
||
| 906 | _b27 | ||
| 942 | _cBK | ||
| 999 |
_c95685 _d95685 |
||